000 01574cam a22004574i 4500
003 PE-LiUPU
005 20250731173031.0
008 150623s r 000 0 d
020 _a0198263767
035 _a(Sirsi) i9780198263760
040 _aPE-LiUPU
_bspa
_cPE-LiUPU
_erda
049 _aPRUA
082 0 4 _a210
_bB268b
_221
100 1 _aBarr, James,
_d1924-2006,
_eautor.
245 1 0 _aBiblical faith and natural theology :
_bthe gifford lectures for 1991 delivered in the University of Edinburgh /
_cJames Barr.
264 1 _aOxford, NY :
_bClarendon Press,
_c1993.
300 _a244 páginas ;
_c22 centímetros.
336 _atext
_2rdacontent
337 _aunmediated
_2rdamedia
338 _avolume
_2rdacarrier
500 _aReimpreso el año 2005
504 _aIncluye bibliografía.
505 0 _aNatural theology in this century: concepts and approaches. -Paul on the arepagus. -St Paul and the Hebrew background. -Natural theology in the Jewish tradition. -The image of God and natural theology. -Science; language; parable; scripture. -Natural theology anf the future of biblical theology.
526 _aSEG42
526 _aSEG41
526 _aSEG40
526 _aSEG39
526 _aP94
526 _aP87
526 _aP86
526 _aP85
526 _aP77
526 _aP76
526 _aP35
600 1 _aBarth, Karl.
_d1886-1968
650 0 4 _aBiblia
_xTEOLOGIA.
_91435
650 0 4 _aTeología natural.
_95882
942 _2ddc
_cBK
_n0
980 _81
_gALBERTO SANCHEZ Responsable de Automatización
999 _c25102
_d25102